Construction industry key performance indicators (Record no. 114766)

MARC details
000 -LEADER
fixed length control field 01011cad a22002175a 4500
001 - CONTROL NUMBER
control field L157423
008 - FIXED-LENGTH DATA ELEMENTS--GENERAL INFORMATION
fixed length control field 121129s2012 xxk f 000 0 eng d
035 ## - SYSTEM CONTROL NUMBER
System control number (Sirsi) u157423
041 0# - LANGUAGE CODE
Language code of text/sound track or separate title eng
110 2# - MAIN ENTRY--CORPORATE NAME
Corporate name or jurisdiction name as entry element Centre for Construction Innovation
245 00 - TITLE STATEMENT
Title Construction industry key performance indicators
Medium [electronic resource]
260 ## - PUBLICATION, DISTRIBUTION, ETC.
Place of publication, distribution, etc. [S.l.]
Name of publisher, distributor, etc. Centre for Construction Innovation
Date of publication, distribution, etc. 2010
520 ## - SUMMARY, ETC.
Summary, etc. The KPI Engine is a Performance Measurement Tool developed by the Centre for Construction Innovation, University of Salford and Constructing Excellence. The KPI Engine allows organisations to benchmark company and project performance against the Construction Industry National Data and Standards.
590 ## - LOCAL NOTE (RLIN)
Local note KA NTK
651 #4 - SUBJECT ADDED ENTRY--GEOGRAPHIC NAME
Geographic name United Kingdom
Chronological subdivision
690 ## - LOCAL SUBJECT ADDED ENTRY--TOPICAL TERM (OCLC, RLIN)
Topical term or geographic name as entry element Construction management
9 (RLIN) 6230
710 1# - ADDED ENTRY--CORPORATE NAME
Corporate name or jurisdiction name as entry element University of Salford
9 (RLIN) 3465
710 1# - ADDED ENTRY--CORPORATE NAME
Corporate name or jurisdiction name as entry element Constructing Excellence
9 (RLIN) 4740
856 40 - ELECTRONIC LOCATION AND ACCESS
Uniform Resource Identifier <a href="https://www.ccinw.com/kpizone/EngineHome/index.php">https://www.ccinw.com/kpizone/EngineHome/index.php</a>
Public note Try out the tool at www.ccinw.com
942 ## - ADDED ENTRY ELEMENTS (KOHA)
Suppress in OPAC 0
Holdings
Withdrawn status Lost status Source of classification or shelving scheme Damaged status Not for loan Home library Current library Shelving location Date acquired Total Checkouts Full call number Barcode Date last seen Copy number Price effective from Koha item type
    Dewey Decimal Classification     Virtual Virtual Online 29/11/2012   ONLINE PUBLICATION 157423-2001 06/08/2019 1 06/08/2019 Book